000 00308nam a2200145Ia 4500
100 _aDyachenko/ V.F.
942 _cBK
654 _aBasic
245 _aBasic Computational mathematics
260 _bMir Publishers
_aMoscow
082 _a511.3
_bDYA
300 _a124
546 _aENGLISH
999 _c30980
_d30980